[Event "European School Championships"]
[Site "Rhodes, Greece"]
[Date "2022.04.26"]
[Round "6.5"]
[White "Frydel, Marcel"]
[Black "Kostov, Troyan"]
[Result "0-1"]
[WhiteElo "1223"]
[BlackElo "1439"]
[PlyCount "162"]
[EventDate "2022.04.21"]
[EventRounds "9"]

1. e4 {[%emt 0:00:01]} e5 {[%emt 0:00:04]} 2. Nf3 {[%emt 0:00:10]} Nc6 {
[%emt 0:00:03]} 3. Nc3 {[%emt 0:00:15]} Nf6 {[%emt 0:00:04]} 4. d4 {[%emt 0:00:
09]} exd4 {[%emt 0:00:26]} 5. Nxd4 {[%emt 0:00:11]} d6 {[%emt 0:01:01]} 6. Nxc6
{[%emt 0:01:17]} bxc6 {[%emt 0:00:15]} 7. e5 {[%emt 0:00:10]} dxe5 {[%emt 0:02:
27]} 8. Qxd8+ {[%emt 0:00:15]} Kxd8 {[%emt 0:00:26]} 9. Bg5 {[%emt 0:00:26]}
Be7 {[%emt 0:01:37]} 10. Bc4 {[%emt 0:02:33]} Ke8 {[%emt 0:00:55]} 11. O-O-O {
[%emt 0:00:41]} Nd7 {[%emt 0:04:56]} 12. Bxe7 {[%emt 0:05:28]} Kxe7 {[%emt 0:
00:24]} 13. Rhe1 {[%emt 0:11:11]} Re8 {[%emt 0:00:34]} 14. Rd3 {[%emt 0:02:30]}
Kf8 {[%emt 0:04:17]} 15. Bb3 {[%emt 0:09:34]} Nc5 {[%emt 0:00:34]} 16. Rde3 {
[%emt 0:01:21]} f6 {[%emt 0:05:27]} 17. f4 {[%emt 0:01:17]} Nd7 {[%emt 0:01:09]
} 18. Bc4 {[%emt 0:14:22]} Bb7 {[%emt 0:01:33]} 19. Bd3 {[%emt 0:05:24]} g6 {
[%emt 0:10:56]} 20. Rh3 {[%emt 0:15:20]} Kg7 {[%emt 0:02:26]} 21. Rhe3 {
[%emt 0:01:20]} Kf8 {[%emt 0:06:33]} 22. Rh3 {[%emt 0:01:00]} Re7 {[%emt 0:00:
24]} 23. Rf1 {[%emt 0:02:50]} exf4 {[%emt 0:08:27]} 24. Rxf4 {[%emt 0:00:50]}
c5 {[%emt 0:05:42]} 25. Be4 {[%emt 0:03:25]} Bxe4 {[%emt 0:01:38]} 26. Nxe4 {
[%emt 0:00:10]} f5 {[%emt 0:01:29]} 27. Ng5 {[%emt 0:01:50]} Kg8 {[%emt 0:02:
13]} 28. b3 {[%emt 0:01:31]} h5 {[%emt 0:02:06]} 29. Rd3 {[%emt 0:01:27]} Kg7 {
[%emt 0:01:59]} 30. Ne6+ {[%emt 0:00:36]} Kf7 {[%emt 0:01:33]} 31. Nxc7 {
[%emt 0:01:04]} Rc8 {[%emt 0:00:55]} 32. Nb5 {[%emt 0:00:55]} Ra8 {[%emt 0:02:
13]} 33. Nd6+ {[%emt 0:00:25]} Kf6 {[%emt 0:01:31]} 34. Nb5 {[%emt 0:01:41]}
Nb6 {[%emt 0:04:45]} 35. Rd6+ {[%emt 0:00:41]} Kg5 {[%emt 0:03:45]} 36. Rf3 {
[%emt 0:00:24]} h4 {[%emt 0:01:30]} 37. g3 {[%emt 0:00:56]} h3 {[%emt 0:01:15]}
38. Rf2 {[%emt 0:00:36]} Rb7 {[%emt 0:03:36]} 39. Nc3 {[%emt 0:00:33]} Re8 {
[%emt 0:00:54]} 40. Kd2 {[%emt 0:00:49]} c4 {[%emt 0:03:05]} 41. Nd5 {[%emt 0:
01:16]} cxb3 {[%emt 0:00:34]} 42. axb3 {[%emt 0:00:41]} Re5 {[%emt 0:01:11]}
43. Nf4 {[%emt 0:00:57]} Rd7 {[%emt 0:01:04]} 44. Rxd7 {[%emt 0:01:05]} Nxd7 {
[%emt 0:00:11]} 45. Nxh3+ {[%emt 0:00:17]} Kg4 {[%emt 0:01:19]} 46. Nf4 {
[%emt 0:01:38]} g5 {[%emt 0:01:36]} 47. Nd3 {[%emt 0:00:54]} Re8 {[%emt 0:02:
07]} 48. c4 {[%emt 0:00:29]} Nf6 {[%emt 0:00:41]} 49. Re2 {[%emt 0:02:43]}
Rxe2+ {[%emt 0:01:30]} 50. Kxe2 {[%emt 0:00:05]} Kh3 {[%emt 0:00:23]} 51. Kf3 {
[%emt 0:01:12]} Kxh2 {[%emt 0:02:48]} 52. Nc5 {[%emt 0:03:14]} Kh3 {[%emt 0:02:
15]} 53. Nd3 {[%emt 0:07:58]} Nd7 {[%emt 0:02:37]} 54. c5 {[%emt 0:00:57]} Nb8
{[%emt 0:00:47]} 55. Ne5 {[%emt 0:00:32]} Na6 {[%emt 0:01:07]} 56. c6 {[%emt 0:
00:22]} Nc7 {[%emt 0:00:12]} 57. g4 {[%emt 0:00:55]} fxg4+ {[%emt 0:02:32]} 58.
Nxg4 {[%emt 0:00:21]} Ne6 {[%emt 0:01:36]} 59. Nf2+ {[%emt 0:01:43]} Kh4 {
[%emt 0:00:41]} 60. Ke3 {[%emt 0:02:22]} Kg3 {[%emt 0:09:28]} 61. Ke4 {[%emt 0:
02:01]} Kxf2 {[%emt 0:01:06]} 62. Kf5 {[%emt 0:00:51]} Nc7 {[%emt 0:00:50]} 63.
Kxg5 {[%emt 0:00:18]} Ke3 {[%emt 0:00:17]} 64. Kf6 {[%emt 0:00:19]} Kd4 {
[%emt 0:00:13]} 65. Ke7 {[%emt 0:00:30]} Kc5 {[%emt 0:00:16]} 66. Kd7 {[%emt 0:
00:32]} Kb6 {[%emt 0:00:15]} 67. b4 {[%emt 0:02:43]} Na8 {[%emt 0:00:42]} 68.
Kc8 {[%emt 0:01:28]} a6 {[%emt 0:01:51]} 69. Kb8 {[%emt 0:00:40]} Nc7 {[%emt 0:
00:08]} 70. Kc8 {[%emt 0:00:21]} Kxc6 {[%emt 0:00:27]} 71. Kb8 {[%emt 0:00:12]}
Kb5 {[%emt 0:01:11]} 72. Kxc7 {[%emt 0:00:11]} Kxb4 {[%emt 0:00:09]} 73. Kb6 {
[%emt 0:00:05]} a5 {[%emt 0:00:53]} 74. Kb7 {[%emt 0:00:04]} a4 {[%emt 0:00:16]
} 75. Kb8 {[%emt 0:00:05]} a3 {[%emt 0:00:06]} 76. Ka8 {[%emt 0:00:05]} a2 {
[%emt 0:00:05]} 77. Kb8 {[%emt 0:00:04]} a1=Q {[%emt 0:00:07]} 78. Kc8 {
[%emt 0:00:13]} Qg7 {[%emt 0:00:08]} 79. Kb8 {[%emt 0:00:09]} Kb5 {[%emt 0:00:
08]} 80. Kc8 {[%emt 0:00:11]} Kc6 {[%emt 0:00:08]} 81. Kd8 {[%emt 0:00:07]}
Qd7# {[%emt 0:00:08]} 0-1

[Event "European School Championships"]
[Site "Rhodes, Greece"]
[Date "2022.04.26"]
[Round "6.6"]
[White "Hobson, Kenneth"]
[Black "Choullis, Agisilaos Georgios"]
[Result "1-0"]
[WhiteElo "1674"]
[BlackElo "1251"]
[PlyCount "45"]
[EventDate "2022.04.21"]
[EventRounds "9"]

1. e4 {[%emt 0:00:45]} c5 {[%emt 0:00:03]} 2. d4 {[%emt 0:00:04]} cxd4 {
[%emt 0:00:06]} 3. c3 {[%emt 0:00:04]} dxc3 {[%emt 0:00:07]} 4. Nxc3 {[%emt 0:
00:05]} Nc6 {[%emt 0:00:06]} 5. Nf3 {[%emt 0:00:04]} g6 {[%emt 0:00:07]} 6. Bc4
{[%emt 0:00:09]} Bg7 {[%emt 0:00:09]} 7. e5 {[%emt 0:00:06]} e6 {[%emt 0:01:27]
} 8. Nb5 {[%emt 0:01:40]} Nxe5 {[%emt 0:01:39]} 9. Nd6+ {[%emt 0:07:24]} Ke7 {
[%emt 0:06:30]} 10. O-O {[%emt 0:11:33]} Nxc4 {[%emt 0:04:25]} 11. Nxc4 {
[%emt 0:00:09]} d6 {[%emt 0:04:16]} 12. Bd2 {[%emt 0:03:37]} b5 {[%emt 0:02:23]
} 13. Na5 {[%emt 0:00:31]} Qb6 {[%emt 0:13:09]} 14. Rc1 {[%emt 0:02:21]} Bd7 {
[%emt 0:09:52]} 15. Bb4 {[%emt 0:00:59]} Rd8 {[%emt 0:05:07]} 16. Re1 {[%emt 0:
09:27]} Nh6 {[%emt 0:10:52]} 17. Nb7 {[%emt 0:00:56]} Bc8 {[%emt 0:10:27]} 18.
Nxd8 {[%emt 0:04:47]} Rxd8 {[%emt 0:00:13]} 19. Qd2 {[%emt 0:01:11]} Rd7 {
[%emt 0:05:06]} 20. Rxc8 {[%emt 0:00:34]} Nf5 {[%emt 0:02:44]} 21. Qc2 {
[%emt 0:12:02]} a5 {[%emt 0:02:45]} 22. Rc6 {[%emt 0:00:58]} Qb7 {[%emt 0:02:
59]} 23. Bxa5 {[%emt 0:00:38]} 1-0

[Event "European School Championships"]
[Site "Rhodes, Greece"]
[Date "2022.04.27"]
[Round "7.1"]
[White "Morkunas, Gustas"]
[Black "Keber, Aljosa"]
[Result "1-0"]
[WhiteElo "1938"]
[BlackElo "1511"]
[PlyCount "75"]
[EventDate "2022.04.21"]
[EventRounds "9"]

1. e4 {[%emt 0:00:03]} c5 {[%emt 0:00:02]} 2. Nf3 {[%emt 0:00:05]} Nc6 {
[%emt 0:00:03]} 3. d4 {[%emt 0:00:05]} cxd4 {[%emt 0:00:03]} 4. Nxd4 g6 {
[%emt 0:00:06]} 5. Nc3 {[%emt 0:00:14]} Bg7 {[%emt 0:00:06]} 6. Nb3 {[%emt 0:
00:13]} Nf6 {[%emt 0:00:09]} 7. Be2 {[%emt 0:00:05]} O-O {[%emt 0:00:06]} 8.
O-O {[%emt 0:00:04]} d6 {[%emt 0:00:04]} 9. Bg5 {[%emt 0:00:05]} a5 {[%emt 0:
00:06]} 10. a4 {[%emt 0:00:44]} Be6 {[%emt 0:00:05]} 11. f4 {[%emt 0:03:38]}
Rc8 {[%emt 0:01:33]} 12. Kh1 {[%emt 0:02:53]} Nb4 {[%emt 0:00:40]} 13. Nd4 {
[%emt 0:05:43]} Bc4 {[%emt 0:00:28]} 14. Ndb5 {[%emt 0:03:06]} Bxb5 {[%emt 0:
00:11]} 15. Bxb5 {[%emt 0:01:33]} d5 {[%emt 0:03:48]} 16. exd5 {[%emt 0:06:06]}
Nbxd5 {[%emt 0:00:49]} 17. Nxd5 {[%emt 0:03:23]} Qxd5 {[%emt 0:01:36]} 18. Qxd5
{[%emt 0:06:36]} Nxd5 {[%emt 0:00:38]} 19. c3 {[%emt 0:00:47]} e6 {[%emt 0:11:
03]} 20. Bh4 {[%emt 0:07:12]} Bh6 {[%emt 0:12:45]} 21. Rae1 {[%emt 0:07:42]}
Rc7 {[%emt 0:05:03]} 22. Re4 {[%emt 0:03:23]} Bg7 {[%emt 0:05:42]} 23. Rfe1 {
[%emt 0:06:45]} Nf6 {[%emt 0:05:49]} 24. R4e2 {[%emt 0:03:40]} Rd8 {[%emt 0:05:
08]} 25. Bf2 {[%emt 0:02:04]} Ra8 {[%emt 0:10:38]} 26. Rd2 {[%emt 0:05:04]} Nd5
{[%emt 0:03:35]} 27. g3 {[%emt 0:00:16]} Bf8 {[%emt 0:01:34]} 28. Bd4 {[%emt 0:
06:44]} Bg7 {[%emt 0:02:50]} 29. c4 {[%emt 0:03:06]} Nb4 {[%emt 0:01:56]} 30.
Bb6 {[%emt 0:00:22]} Rcc8 {[%emt 0:00:21]} 31. Red1 {[%emt 0:00:29]} Bf6 {
[%emt 0:05:05]} 32. b3 {[%emt 0:02:18]} Nc6 {[%emt 0:02:49]} 33. Rd7 {[%emt 0:
02:11]} Rcb8 {[%emt 0:05:08]} 34. c5 {[%emt 0:03:00]} Bd8 {[%emt 0:01:42]} 35.
Bxc6 {[%emt 0:00:27]} Bxb6 {[%emt 0:00:13]} 36. cxb6 {[%emt 0:00:14]} bxc6 {
[%emt 0:00:09]} 37. b7 {[%emt 0:00:02]} Ra7 {[%emt 0:02:23]} 38. Rd8+ {[%emt 0:
00:05]} 1-0

[Event "European School Championships"]
[Site "Rhodes, Greece"]
[Date "2022.04.27"]
[Round "7.2"]
[White "Kostov, Troyan"]
[Black "Sozat, Arda"]
[Result "0-1"]
[WhiteElo "1439"]
[BlackElo "1591"]
[PlyCount "58"]
[EventDate "2022.04.21"]
[EventRounds "9"]

1. e4 {[%emt 0:00:02]} d5 {[%emt 0:00:12]} 2. exd5 {[%emt 0:00:05]} Qxd5 {
[%emt 0:00:05]} 3. c4 {[%emt 0:03:29]} Qd6 {[%emt 0:02:27]} 4. Nc3 {[%emt 0:02:
27]} Nc6 {[%emt 0:01:33]} 5. a3 {[%emt 0:01:20]} e5 {[%emt 0:00:35]} 6. Be2 {
[%emt 0:01:28]} Bf5 {[%emt 0:00:55]} 7. d3 {[%emt 0:11:35]} O-O-O {[%emt 0:02:
20]} 8. Ne4 {[%emt 0:11:02]} Bxe4 {[%emt 0:01:21]} 9. dxe4 {[%emt 0:00:18]} Qg6
{[%emt 0:00:56]} 10. Qb3 {[%emt 0:06:30]} Qxe4 {[%emt 0:07:16]} 11. Qh3+ {
[%emt 0:01:50]} f5 {[%emt 0:02:25]} 12. Nf3 {[%emt 0:00:28]} Nd4 {[%emt 0:02:
37]} 13. Nxd4 {[%emt 0:00:29]} exd4 {[%emt 0:00:11]} 14. Qd3 {[%emt 0:01:09]}
Nf6 {[%emt 0:02:58]} 15. O-O {[%emt 0:02:09]} Re8 {[%emt 0:05:01]} 16. Qxe4 {
[%emt 0:02:58]} fxe4 {[%emt 0:00:06]} 17. Bd2 {[%emt 0:01:10]} Bd6 {[%emt 0:03:
54]} 18. b4 {[%emt 0:01:14]} b6 {[%emt 0:05:51]} 19. Rac1 {[%emt 0:02:32]} c5 {
[%emt 0:01:16]} 20. bxc5 {[%emt 0:02:21]} Bxc5 {[%emt 0:00:22]} 21. a4 {
[%emt 0:00:50]} Rd8 {[%emt 0:08:00]} 22. Ra1 {[%emt 0:16:56]} h5 {[%emt 0:03:
54]} 23. a5 {[%emt 0:01:25]} e3 {[%emt 0:01:09]} 24. fxe3 {[%emt 0:00:12]} Ne4
{[%emt 0:00:12]} 25. exd4 {[%emt 0:09:18]} Bxd4+ {[%emt 0:00:30]} 26. Be3 {
[%emt 0:00:47]} Bxe3+ {[%emt 0:00:10]} 27. Kh1 {[%emt 0:00:09]} Nf2+ {[%emt 0:
03:31]} 28. Kg1 {[%emt 0:00:18]} h4 {[%emt 0:02:29]} 29. axb6 {[%emt 0:00:47]}
Ne4+ {[%emt 0:00:03]} 0-1

[Event "European School Championships"]
[Site "Rhodes, Greece"]
[Date "2022.04.27"]
[Round "7.3"]
[White "Stathatos, Alexandros"]
[Black "Tabatadze, Erekle"]
[Result "1-0"]
[WhiteElo "1815"]
[BlackElo "1557"]
[PlyCount "85"]
[EventDate "2022.04.21"]
[EventRounds "9"]

1. e4 {[%emt 0:00:03]} c5 {[%emt 0:00:03]} 2. Nf3 {[%emt 0:00:06]} d6 {[%emt 0:
00:04]} 3. d4 {[%emt 0:00:07]} cxd4 {[%emt 0:00:07]} 4. Nxd4 {[%emt 0:00:07]}
Nf6 {[%emt 0:00:03]} 5. Nc3 {[%emt 0:00:16]} g6 {[%emt 0:00:04]} 6. Be3 {
[%emt 0:00:08]} Bg7 {[%emt 0:00:04]} 7. f3 {[%emt 0:00:14]} O-O {[%emt 0:00:05]
} 8. Qd2 {[%emt 0:00:08]} Nc6 {[%emt 0:00:05]} 9. O-O-O {[%emt 0:00:11]} d5 {
[%emt 0:00:07]} 10. Kb1 {[%emt 0:00:11]} Nxd4 {[%emt 0:05:26]} 11. e5 {[%emt 0:
00:34]} Nd7 {[%emt 0:02:27]} 12. Bxd4 {[%emt 0:03:44]} Nxe5 {[%emt 0:00:17]}
13. Qe1 {[%emt 0:11:19]} Nc6 {[%emt 0:05:12]} 14. Bxg7 {[%emt 0:01:19]} Kxg7 {
[%emt 0:00:03]} 15. Nxd5 {[%emt 0:02:29]} e5 {[%emt 0:01:58]} 16. Bc4 {[%emt 0:
06:48]} f6 {[%emt 0:06:14]} 17. h4 {[%emt 0:08:41]} Nd4 {[%emt 0:06:52]} 18.
Ne3 {[%emt 0:16:18]} Qc7 {[%emt 0:10:27]} 19. h5 {[%emt 0:07:27]} g5 {[%emt 0:
15:58]} 20. c3 {[%emt 0:04:31]} Nf5 {[%emt 0:01:14]} 21. Bd3 {[%emt 0:01:14]}
Nxe3 {[%emt 0:01:10]} 22. Qxe3 {[%emt 0:00:01]} Be6 {[%emt 0:02:24]} 23. Rhe1 {
[%emt 0:03:02]} Rad8 {[%emt 0:03:36]} 24. g3 {[%emt 0:10:42]} Rfe8 {[%emt 0:04:
09]} 25. Qe4 {[%emt 0:05:03]} Kg8 {[%emt 0:03:57]} 26. b3 {[%emt 0:04:40]} Qf7
{[%emt 0:05:12]} 27. Kb2 {[%emt 0:01:40]} Qxh5 {[%emt 0:08:21]} 28. g4 {
[%emt 0:08:49]} Qf7 {[%emt 0:04:33]} 29. Rh1 {[%emt 0:00:39]} Re7 {[%emt 0:01:
07]} 30. Qxh7+ {[%emt 0:01:36]} Qxh7 {[%emt 0:00:05]} 31. Bxh7+ {[%emt 0:00:06]
} Rxh7 {[%emt 0:00:04]} 32. Rxd8+ {[%emt 0:00:05]} Kg7 {[%emt 0:00:03]} 33.
Rxh7+ {[%emt 0:00:17]} Kxh7 {[%emt 0:00:04]} 34. Rd6 {[%emt 0:00:25]} Bf7 {
[%emt 0:00:07]} 35. Rxf6 {[%emt 0:00:10]} Bd5 {[%emt 0:00:11]} 36. c4 {[%emt 0:
02:23]} Bc6 {[%emt 0:00:05]} 37. Kc3 {[%emt 0:00:50]} Kg7 {[%emt 0:00:06]} 38.
Rf5 {[%emt 0:00:21]} Kg6 {[%emt 0:00:09]} 39. Kd3 {[%emt 0:00:22]} b5 {[%emt 0:
00:16]} 40. Ke3 {[%emt 0:00:37]} bxc4 {[%emt 0:00:08]} 41. Rxe5 {[%emt 0:01:51]
} Kf6 {[%emt 0:00:38]} 42. Rc5 {[%emt 0:00:16]} Be8 {[%emt 0:00:14]} 43. Rxc4 {
[%emt 0:00:16]} 1-0

[Event "European School Championships"]
[Site "Rhodes, Greece"]
[Date "2022.04.27"]
[Round "7.4"]
[White "Sakmak, Kutay"]
[Black "Hobson, Kenneth"]
[Result "1-0"]
[WhiteElo "1718"]
[BlackElo "1674"]
[PlyCount "143"]
[EventDate "2022.04.21"]
[EventRounds "9"]

1. e4 {[%emt 0:00:02]} e5 {[%emt 0:00:09]} 2. Nc3 {[%emt 0:00:05]} Nf6 {
[%emt 0:00:05]} 3. g3 {[%emt 0:00:05]} d5 {[%emt 0:00:40]} 4. exd5 {[%emt 0:00:
07]} Nxd5 {[%emt 0:00:06]} 5. Bg2 {[%emt 0:00:06]} Nxc3 {[%emt 0:00:49]} 6.
bxc3 {[%emt 0:00:06]} Nc6 {[%emt 0:00:26]} 7. Nf3 {[%emt 0:00:23]} Bc5 {
[%emt 0:00:59]} 8. O-O {[%emt 0:01:07]} O-O {[%emt 0:00:11]} 9. Re1 {[%emt 0:
06:27]} Bb6 {[%emt 0:14:21]} 10. Qe2 Re8 {[%emt 0:05:57]} 11. d3 {[%emt 0:08:
22]} Bg4 {[%emt 0:05:27]} 12. Qe4 {[%emt 0:10:48]} Qd7 {[%emt 0:05:17]} 13. Bb2
{[%emt 0:03:51]} Bf5 {[%emt 0:03:39]} 14. Qa4 {[%emt 0:01:09]} Rad8 {[%emt 0:
06:13]} 15. Nd2 {[%emt 0:04:33]} Bh3 {[%emt 0:04:24]} 16. Bf3 {[%emt 0:06:10]}
f6 {[%emt 0:08:50]} 17. Qh4 {[%emt 0:01:48]} Be6 {[%emt 0:04:43]} 18. Nb3 {
[%emt 0:18:53]} a5 {[%emt 0:08:06]} 19. Bg2 {[%emt 0:01:54]} Ne7 {[%emt 0:07:
31]} 20. Nd2 {[%emt 0:03:56]} Ng6 {[%emt 0:01:53]} 21. Qe4 {[%emt 0:00:53]} c6
{[%emt 0:01:01]} 22. a4 {[%emt 0:08:22]} f5 {[%emt 0:05:07]} 23. Qe2 {[%emt 0:
00:06]} Bd5 {[%emt 0:01:06]} 24. c4 {[%emt 0:01:37]} Bxg2 {[%emt 0:00:39]} 25.
Kxg2 {[%emt 0:00:01]} e4 {[%emt 0:01:00]} 26. Nb3 {[%emt 0:02:21]} exd3 {
[%emt 0:00:33]} 27. Qxd3 {[%emt 0:00:05]} Qf7 {[%emt 0:07:23]} 28. Qc3 {
[%emt 0:00:59]} f4 {[%emt 0:01:06]} 29. c5 {[%emt 0:00:27]} Bc7 {[%emt 0:00:10]
} 30. Rad1 {[%emt 0:01:36]} fxg3 {[%emt 0:03:36]} 31. hxg3 {[%emt 0:00:50]}
Rxd1 {[%emt 0:01:44]} 32. Rxe8+ {[%emt 0:00:32]} Nf8 {[%emt 0:00:05]} 33. Re4 {
[%emt 0:00:35]} Rd7 {[%emt 0:01:15]} 34. Qf3 {[%emt 0:01:19]} Ne6 {[%emt 0:02:
06]} 35. Qe3 {[%emt 0:00:56]} Nf8 {[%emt 0:02:05]} 36. Nd4 {[%emt 0:01:16]} h6
{[%emt 0:01:50]} 37. Nf3 {[%emt 0:00:45]} Ng6 {[%emt 0:01:10]} 38. Rg4 {
[%emt 0:02:22]} Re7 {[%emt 0:03:29]} 39. Qd4 {[%emt 0:01:16]} Be5 {[%emt 0:02:
06]} 40. Nxe5 {[%emt 0:00:08]} Nxe5 {[%emt 0:00:21]} 41. Rf4 {[%emt 0:00:33]}
Qd5+ {[%emt 0:01:42]} 42. Qxd5+ {[%emt 0:00:03]} cxd5 {[%emt 0:00:06]} 43. Rf5
{[%emt 0:00:46]} Nc4 {[%emt 0:01:21]} 44. Bd4 {[%emt 0:00:19]} Rd7 {[%emt 0:03:
38]} 45. g4 {[%emt 0:02:21]} Na3 {[%emt 0:02:23]} 46. c3 {[%emt 0:00:44]} Nc4 {
[%emt 0:00:07]} 47. Kg3 {[%emt 0:01:35]} Nb2 {[%emt 0:11:10]} 48. Re5 {[%emt 0:
00:46]} Kf7 {[%emt 0:00:52]} 49. Re2 {[%emt 0:00:21]} Nc4 {[%emt 0:00:50]} 50.
f4 {[%emt 0:01:13]} Rc7 {[%emt 0:01:42]} 51. f5 {[%emt 0:01:49]} Rc6 {[%emt 0:
02:15]} 52. Kf4 {[%emt 0:01:44]} b6 {[%emt 0:01:50]} 53. cxb6 {[%emt 0:00:26]}
Nxb6 {[%emt 0:00:01]} 54. Re6 {[%emt 0:00:22]} g5+ {[%emt 0:01:53]} 55. Kf3 {
[%emt 0:00:51]} Rc4 {[%emt 0:00:48]} 56. Rxb6 {[%emt 0:00:08]} Rxa4 {[%emt 0:
00:07]} 57. Rxh6 {[%emt 0:00:06]} Ra1 {[%emt 0:00:15]} 58. Rf6+ {[%emt 0:00:11]
} Ke7 {[%emt 0:00:13]} 59. Ra6 {[%emt 0:00:05]} Rf1+ {[%emt 0:00:54]} 60. Kg3 {
[%emt 0:00:07]} a4 {[%emt 0:00:17]} 61. Rxa4 {[%emt 0:00:05]} Rd1 {[%emt 0:00:
15]} 62. f6+ {[%emt 0:00:42]} Ke6 {[%emt 0:00:45]} 63. Ra6+ {[%emt 0:00:04]}
Kf7 {[%emt 0:00:12]} 64. Ra7+ {[%emt 0:00:04]} Kg6 {[%emt 0:00:35]} 65. Kg2 {
[%emt 0:01:19]} Rd2+ {[%emt 0:00:25]} 66. Kf1 {[%emt 0:00:05]} Rd1+ {[%emt 0:
00:29]} 67. Ke2 {[%emt 0:00:05]} Rb1 {[%emt 0:00:08]} 68. Rg7+ {[%emt 0:01:26]}
Kh6 {[%emt 0:00:09]} 69. Re7 {[%emt 0:00:09]} Kg6 {[%emt 0:00:14]} 70. f7 {
[%emt 0:00:09]} Rb2+ {[%emt 0:00:29]} 71. Kd3 {[%emt 0:00:08]} Ra2 {[%emt 0:00:
38]} 72. f8=N+ {[%emt 0:00:13]} 1-0

[Event "European School Championships"]
[Site "Rhodes, Greece"]
[Date "2022.04.27"]
[Round "7.5"]
[White "Gurer, Oguz Kagan"]
[Black "Ball, Charlie"]
[Result "1-0"]
[WhiteElo "1690"]
[BlackElo "1272"]
[PlyCount "79"]
[EventDate "2022.04.21"]
[EventRounds "9"]

1. e4 {[%emt 0:04:48]} d5 {[%emt 0:00:03]} 2. exd5 {[%emt 0:00:05]} Nf6 {
[%emt 0:00:04]} 3. Nf3 {[%emt 0:00:04]} Bg4 {[%emt 0:00:04]} 4. d4 {[%emt 0:00:
09]} Qxd5 {[%emt 0:01:04]} 5. Be2 {[%emt 0:00:26]} Nc6 {[%emt 0:01:43]} 6. c4 {
[%emt 0:00:57]} Qh5 {[%emt 0:00:37]} 7. h3 {[%emt 0:00:24]} Bf5 {[%emt 0:00:22]
} 8. Ne5 {[%emt 0:01:07]} Qh4 {[%emt 0:02:14]} 9. Nxc6 {[%emt 0:01:05]} bxc6 {
[%emt 0:00:28]} 10. Bf3 {[%emt 0:00:22]} Be4 {[%emt 0:00:54]} 11. Be3 {[%emt 0:
00:43]} Bxf3 {[%emt 0:01:28]} 12. Qxf3 {[%emt 0:00:02]} Qe4 {[%emt 0:00:23]}
13. Nd2 {[%emt 0:01:22]} Qxf3 {[%emt 0:02:20]} 14. Nxf3 {[%emt 0:00:14]} Rb8 {
[%emt 0:02:54]} 15. O-O-O {[%emt 0:04:29]} Rb4 {[%emt 0:02:20]} 16. b3 {
[%emt 0:03:08]} Ne4 {[%emt 0:01:40]} 17. Ne5 {[%emt 0:03:28]} Rb6 {[%emt 0:01:
48]} 18. Kb2 {[%emt 0:05:08]} e6 {[%emt 0:03:42]} 19. d5 {[%emt 0:03:45]} Ra6 {
[%emt 0:01:57]} 20. Nxc6 {[%emt 0:13:06]} exd5 {[%emt 0:02:40]} 21. cxd5 {
[%emt 0:00:18]} Ba3+ {[%emt 0:00:35]} 22. Kc2 {[%emt 0:02:12]} Bd6 {[%emt 0:02:
01]} 23. a4 {[%emt 0:00:32]} Nf6 {[%emt 0:01:51]} 24. Nxa7 {[%emt 0:01:53]} O-O
{[%emt 0:01:13]} 25. Nb5 {[%emt 0:01:01]} Rc8 {[%emt 0:01:40]} 26. Kb2 {
[%emt 0:02:21]} Be5+ {[%emt 0:00:39]} 27. Bd4 {[%emt 0:00:58]} Bxd4+ {[%emt 0:
00:27]} 28. Rxd4 {[%emt 0:00:11]} h6 {[%emt 0:00:55]} 29. Rc1 {[%emt 0:00:20]}
c6 {[%emt 0:01:08]} 30. dxc6 {[%emt 0:00:40]} Raxc6 {[%emt 0:00:12]} 31. Rdc4 {
[%emt 0:00:22]} Rxc4 {[%emt 0:00:33]} 32. Rxc4 Rd8 {[%emt 0:00:28]} 33. b4 {
[%emt 0:00:52]} Re8 {[%emt 0:02:37]} 34. Nc3 {[%emt 0:02:42]} Rd8 {[%emt 0:00:
19]} 35. Kc2 {[%emt 0:00:08]} Nh5 {[%emt 0:03:21]} 36. b5 {[%emt 0:00:19]} g5 {
[%emt 0:00:29]} 37. b6 {[%emt 0:00:05]} Kg7 {[%emt 0:00:07]} 38. b7 {[%emt 0:
00:18]} Rb8 {[%emt 0:00:10]} 39. Rb4 {[%emt 0:00:02]} Nf4 {[%emt 0:00:41]} 40.
a5 {[%emt 0:00:04]} 1-0

[Event "European School Championships"]
[Site "Rhodes, Greece"]
[Date "2022.04.27"]
[Round "7.6"]
[White "Dasgupta, Avyukt"]
[Black "Morrison, Joseph"]
[Result "1-0"]
[WhiteElo "1748"]
[BlackElo "1328"]
[PlyCount "51"]
[EventDate "2022.04.21"]
[EventRounds "9"]

1. d4 {[%emt 0:00:02]} Nf6 {[%emt 0:00:10]} 2. Bf4 {[%emt 0:00:07]} g6 {
[%emt 0:00:10]} 3. e3 {[%emt 0:00:12]} Bg7 {[%emt 0:00:14]} 4. Nf3 {[%emt 0:00:
07]} O-O {[%emt 0:00:20]} 5. h3 {[%emt 0:00:37]} d6 {[%emt 0:00:19]} 6. Be2 {
[%emt 0:00:08]} Nbd7 {[%emt 0:00:31]} 7. O-O {[%emt 0:00:16]} Re8 {[%emt 0:05:
25]} 8. c4 {[%emt 0:06:09]} c5 {[%emt 0:11:14]} 9. Nc3 {[%emt 0:27:39]} cxd4 {
[%emt 0:02:00]} 10. exd4 {[%emt 0:00:13]} a6 {[%emt 0:01:07]} 11. Re1 {[%emt 0:
01:56]} d5 {[%emt 0:05:11]} 12. cxd5 {[%emt 0:01:33]} Nb6 {[%emt 0:00:23]} 13.
d6 {[%emt 0:00:37]} exd6 {[%emt 0:01:31]} 14. Bd3 {[%emt 0:07:03]} Rxe1+ {
[%emt 0:05:45]} 15. Qxe1 {[%emt 0:00:07]} d5 {[%emt 0:00:48]} 16. Qe2 {[%emt 0:
09:12]} Be6 {[%emt 0:01:22]} 17. Re1 {[%emt 0:02:20]} h6 {[%emt 0:15:17]} 18.
Bxg6 {[%emt 0:01:33]} fxg6 {[%emt 0:10:08]} 19. Qxe6+ {[%emt 0:00:11]} Kh7 {
[%emt 0:00:08]} 20. Qf7 {[%emt 0:07:44]} Nc8 {[%emt 0:03:04]} 21. Nh4 {[%emt 0:
05:03]} g5 {[%emt 0:03:45]} 22. Qg6+ {[%emt 0:01:51]} Kh8 {[%emt 0:00:34]} 23.
Nf5 {[%emt 0:01:00]} Qf8 {[%emt 0:00:37]} 24. Nxd5 {[%emt 0:03:32]} Nxd5 {
[%emt 0:04:28]} 25. Re8 {[%emt 0:00:46]} Nxf4 {[%emt 0:00:10]} 26. Qxg7# {
[%emt 0:00:28]} 1-0